000 00614cam a2200217 4500500
005 20260329004417.0
041 _afre
042 _adc
100 1 0 _aEnjalbert, Cédric
_eauthor
245 0 0 _aTout contre
260 _c2019.
500 _a63
690 _aAlice Zeniter
690 _aDésobéissance
690 _aEmerson
690 _aJulie Berès
690 _aKevin Keiss
690 _aThéâtre
786 0 _nPhilosophie magazine | 133 | 10 | 2019-10-01 | p. 65-65 | 1951-1787
856 4 1 _uhttps://shs.cairn.info/magazine-philosophie-magazine-2019-10-page-65?lang=fr&redirect-ssocas=7080
999 _c1833584
_d1833583